000 00501cam a2200217ua 4500
020 _c7.00
041 _aeng
_h
082 _a516.3
_bMIT/AN
100 _aMittal, S.C..
245 _aAnalytical geometry /
_cS.C.Mittal.
_hTextual Documents
250 _a4 /
_b.
260 _aMeerut :
_bPragati Prakashan ,
_c1981.
300 _a194 ; .
365 _a7.00
504 _a
942 _cBK
999 _c2993
_d2993